Aardrijkskunde Meerkeuze #4 - Statistieken

Algemene statistieken
  • Deze quiz is 123 keer genomen
    111 sinds de laatste reset
  • De gemiddelde score is 7 van 15
Antwoordstatistieken
Vraag Antwoord % Correct
Welke van deze rivieren stroomt door de minste landen? Mississippi
85%
Welk van deze landen heeft de minste buurlanden? Verenigde Staten
85%
Welk van volgende landen heeft de minste inwoners? Cyprus
70%
In welk van deze landen leven de minste Katholieken? Canada
63%
In welk van deze steden valt de minste regen? Mexico City
56%
Welk van deze landen heeft het laagste aantal kinderen per vrouw? Singapore
56%
Welk van volgende bergketens heeft het laagste punt? Oeral
52%
Welke van deze steden heeft de kleinste populatie? Chicago
44%
Welke van deze steden heeft de minste luchtvervuiling? Miami
37%
Welk van deze steden ligt het meest zuidelijk? Washington DC
33%
In welk van deze landen leeft men het minst lang? Afghanistan
26%
Welk van deze landen heeft het laagste BBP per hoofd van de bevolking? China
22%
Welk van deze landen is het kleinst? Kroatië
22%
Welke van deze VS is de kleinste? Mississippi
11%
Welk van deze watermassa's heeft de kleinste oppervlakte? Golf van Mexico
4%
Geen overeenkomende quizzen gevonden
Scoreverdeling
Procent van Mensen met Elke Score
Percentiel versus Aantal Correcte Antwoorden
Uw Scoregeschiedenis
U heeft deze quiz nog niet genomen sinds de laatste reset